LEADER 00798cam2 22002531 450 001 SOBE00054061 005 20161125111319.0 100 $a20161125d1963 |||||ita|0103 ba 101 $aeng 102 $aGB 200 0 $a5$fJohn Locke 210 $aAalen$cScientia$d1963 215 $a496 p.$d22 cm 461 1$1001SOBE00017726$12001 $a<>Works of John Locke, in 10. Volumes 700 1$aLocke$b, John$3A600200051655$4070$044514 801 0$aIT$bUNISOB$c20161125$gRICA 850 $aUNISOB 852 $aUNISOB$j100|Coll|72|K$m36752 912 $aSOBE00054061 940 $aM 102 Monografia moderna SBN 941 $aW 957 $a100|Coll|72|K$b000005$gRIS$d36752$racquisto$1catenacci$2UNISOB$3UNISOB$420161125111246.0$520161125111319.0$6catenacci 996 $a5$91726849 997 $aUNISOB LEADER 01205nam0 22003013i 450 001 VAN00285374 005 20251008014345.205 020 $aIT$b831274 100 $a20250124d1981 |0itac50 ba 101 $aita 102 $aIT 105 $a|||| ||||| 181 $ai$b e 182 $an 183 $anc 200 1 $aˆI ‰ministri senza portafogli nell'ordinamento giuridico italiano$econtributo alla ricostruzione della figura$fCarla Romanelli Grimaldi 210 $a[S.l.]$c[s.n.]$d1981 215 $a82 p.$d24 cm 316 $aFondo Ferrara$5IT-IT-CE0105 CONSF.G.507 606 $aMinistri senza portafoglio$xDiritto$3VANC038143$2FI 676 $a342$cDiritto costituzionale e diritto amministrativo$v22 700 1$aRomanelli Grimaldi$bCarla$3VANV004200$0229039 801 $aIT$bSOL$c20251010$gRICA 899 $aBIBLIOTECA DEL DIPARTIMENTO DI GIURISPRUDENZA$1IT-CE0105$2VAN00 912 $aVAN00285374 950 $aBIBLIOTECA DEL DIPARTIMENTO DI GIURISPRUDENZA$d00CONS F.G.507 $e00FG 507 20250124 Fondo Ferrara 996 $aMinistri senza portafogli nell'ordinamento giuridico italiano$94310451 997 $aUNICAMPANIA LEADER 03462nam 2200697 a 450 001 9910677943203321 005 20251214174720.0 010 $a9786611002305 010 $a9781119419273 010 $a1119419271 010 $a9781281002303 010 $a1281002305 010 $a9780470169360 010 $a0470169362 035 $a(CKB)1000000000399092 035 $a(EBL)315164 035 $a(OCoLC)630529367 035 $a(SSID)ssj0000307416 035 $a(PQKBManifestationID)11247323 035 $a(PQKBTitleCode)TC0000307416 035 $a(PQKBWorkID)10244327 035 $a(PQKB)11775592 035 $a(MiAaPQ)EBC315164 035 $a(CaSebORM)9780470121689 035 $a(OCoLC)720025381 035 $a(OCoLC)ocn720025381 035 $a(Perlego)2766804 035 $a(iGPub)WILEYB0011295 035 $a(EXLCZ)991000000000399092 100 $a20070124d2007 uy 0 101 0 $aeng 135 $aur|n|---||||| 181 $ctxt 182 $cc 183 $acr 200 10$aPuzzles for programmers and pros /$fDennis E. Shasha 205 $a1st edition 210 $aIndianapolis, IN $cWiley Pub.$dc2007 215 $a1 online resource (242 p.) 300 $a"Programmer to programmer"--Cover. 300 $a"Wrox"--Cover. 300 $aIncludes index. 311 08$a9780470121689 311 08$a0470121688 320 $aIncludes bibliographical references and index. 327 $aPuzzles for Programmers and Pros; About the Author; Acknowledgments; Contents; Introduction; Contest Info; p2p.wrox.com; Part I: Mind Games; Sweet Tooth; Byzantine Bettors; A Touch of Luck; Information Gain; Reach for the Sky!; Pork Politics; Social Games; Escape Management; Flu Math; Whipping Ice; Optimal Jargon; Using Your Marbles; Flipping Colors; Scheduling Tradition; Fractal Biology; As Easy as Pie; Lucky Roulette; Legal Logic; The Box Chip Game; Feedback Dividends; Number Clues; Mind Games; Refuse and Reveal; A Biting Maze; Mad Mix; Dig That!; Preferential Romance 327 $aNo Change for the HolidaysQuiet in the Depths; Solutions; Part II: The Secret of the Puzzle; Order the Ages; Urban Planning; Finding a Schedule That Works; Picturing the Treasure; Sudoku; Number Encoding; Selective Greed; Sweet Packs; Revisiting a Traveling Salesman; Overloaded Scheduling and Freezing Crystals; Wordsnakes; Maximal Friends; Winning at the Slots; Understanding Dice; Bait and Switch; Part III: Faithful Foes; Index 330 $aAimed at both working programmers who are applying for a job where puzzles are an integral part of the interview, as well as techies who just love a good puzzle, this book offers a cache of exciting puzzlesFeatures a new series of puzzles, never before published, called elimination puzzles that have a pedagogical aim of helping the reader solve an entire class of Sudoku-like puzzlesProvides the tools to solve the puzzles by hand and computerThe first part of each chapter presents a puzzle; the second part shows readers how to solve several classes of puzzles algorithmically 606 $aMathematical recreations 606 $aPuzzles 615 0$aMathematical recreations. 615 0$aPuzzles. 676 $a793.74 700 $aShasha$b Dennis Elliott$0770636 801 0$bMiAaPQ 801 1$bMiAaPQ 801 2$bMiAaPQ 906 $aBOOK 912 $a9910677943203321 996 $aPuzzles for programmers and pros$93060743 997 $aUNINA